Studies in penology, dedicated to the memory of Sir Lionel Fox .. / (Record no. 49649)
[ view plain ]
| 000 -LEADER | |
|---|---|
| fixed length control field | 02155cam a22003012 4500 |
| 001 - CONTROL NUMBER | |
| control field | 49649 |
| 003 - CONTROL NUMBER IDENTIFIER | |
| rucl marc code | BD-RJUL |
| 005 - DATE AND TIME OF LATEST TRANSACTION | |
| control field | 20211209054717.0 |
| 008 - FIXED-LENGTH DATA ELEMENTS--GENERAL INFORMATION | |
| fixed length control field | 160822s1964 ne c b 010 0 eng |
| 035 ## - SYSTEM CONTROL NUMBER | |
| System control number | BD-RJUL 49768 |
| 040 ## - CATALOGING SOURCE | |
| Original cataloging agency | DLC |
| Transcribing agency | DLC |
| Modifying agency | EQO |
| Language of cataloging | eng |
| 041 0# - LANGUAGE CODE | |
| Language code of text/sound track or separate title | engfre |
| 082 ## - DEWEY DECIMAL CLASSIFICATION NUMBER | |
| Edition number | 23 |
| Classification number | 364.601 |
| Author mark and year | STU 1964 |
| 245 00 - TITLE STATEMENT | |
| Title | Studies in penology, dedicated to the memory of Sir Lionel Fox .. / |
| Statement of responsibility, etc. | by the International Penal and Penitentiary Foundation. Edited by Manuel López-Rey and Charles Germain. |
| 246 35 - VARYING FORM OF TITLE | |
| Title proper/short title | Études penologiques. |
| 260 ## - PUBLICATION, DISTRIBUTION, ETC. (IMPRINT) | |
| Place of publication, distribution, etc. | The Hague : |
| Name of publisher, distributor, etc. | M. Nijhoff, |
| Date of publication, distribution, etc. | 1964. |
| 300 ## - PHYSICAL DESCRIPTION | |
| Pagination | xi, 239 p. : |
| Illustrations | ill. ; |
| Size | 25 cm. |
| 500 ## - GENERAL NOTE | |
| General note | Added t.p.: Études penologiques. English or French. |
| 504 ## - BIBLIOGRAPHY, ETC. NOTE | |
| Bibliography, etc | Bibliographical footnotes. |
| 505 0# - FORMATTED CONTENTS NOTE | |
| Formatted contents note | L'abolition de la peine de mort et le problème de la peine de remplacement, by M. Ancel.--Criminology, criminal policy, and propaganda, by A. Aulie.--Anglo American progress in penitentiary affairs, by S. Bates.--Ahead of his time, by J. V. Bennett.--Réflexions sur la détention préventive, by F. Clerc.--De la privation à la restriction de la liberté, by P. Cornil.--Jeunes adultes et courtes peines, by J. Dupréel.--Society and the treatment of offenders, by T. Eriksson.--Variations sur certaines formes nouvelles de privation de liberté, by C. Germain.--Human dignity in the execution of punishment, by H. Göransson.--The problem of remand in custody for diagnostic purposes, by H. J. Klare.--Mr. Prisoner goes to town, by E. A. M. Lamers.--Analytical penology, by M. López-Rey.--Sir Lionel Fox's work in the Prison Commission, by A. W. Peterson.--Lionel Fox and the International Penal and Penitentiary Commission, by T. Sellin.--Open institutions in Finland, by K. V. Soine.--La fonction rééducative de la peine et la libération conditionnelle, by G. Vassalli. |
| 650 #0 - SUBJECT ADDED ENTRY--TOPICAL TERM | |
| Topical term or geographic name as entry element | Punishment. |
| 9 (RLIN) | 140358 |
| 700 1# - ADDED ENTRY--PERSONAL NAME | |
| Personal name | Fox, Lionel W. |
| Personal name | López-Rey y Arrojo, Manuel. |
| Personal name | Germain, Charles, |
| 710 2# - ADDED ENTRY--CORPORATE NAME | |
| Corporate name or jurisdiction name as entry element | International Penal and Penitentiary Foundation. |
| 9 (RLIN) | 148870 |
| 942 ## - ADDED ENTRY ELEMENTS (KOHA) | |
| Source of classification or shelving scheme | Dewey Decimal Classification |
| Koha item type | Books |
| Lost status | Source of classification or shelving scheme | Damaged status | Not for loan | Collection code | Permanent Location | Current Location | Shelving location | Date acquired | Source of acquisition | Cost, normal purchase price | Total Checkouts | Full call number | Date last seen | Copy number | Koha item type |
|---|---|---|---|---|---|---|---|---|---|---|---|---|---|---|---|
| Dewey Decimal Classification | Non-fiction | Central Library, University of Rajshahi | Central Library, University of Rajshahi | 23/08/1968 | Zeetlinger | 52.60 | 364.601 STU 1964 | 22/08/2016 | C-2 | Books | |||||
| Dewey Decimal Classification | Non-fiction | Central Library, University of Rajshahi | Central Library, University of Rajshahi | 23/08/1968 | Zeetlinger | 52.60 | 364.601 STU 1964 | 22/08/2016 | C-3 | Books |